The study of politics ; (Record no. 36311)
[ view plain ]
| 000 -LEADER | |
|---|---|
| fixed length control field | 00750cam a22002411 4500 |
| 001 - CONTROL NUMBER | |
| control field | 36311 |
| 003 - CONTROL NUMBER IDENTIFIER | |
| rucl marc code | BD-RjUL |
| 005 - DATE AND TIME OF LATEST TRANSACTION | |
| control field | 20211209052453.0 |
| 008 - FIXED-LENGTH DATA ELEMENTS--GENERAL INFORMATION | |
| fixed length control field | 140619s1963 1959 ilu b 000 0 eng |
| 035 ## - SYSTEM CONTROL NUMBER | |
| System control number | (BD-RjUL)36408 |
| 040 ## - CATALOGING SOURCE | |
| Original cataloging agency | DLC |
| Transcribing agency | DLC |
| Modifying agency | BD-RjUL |
| Language of cataloging | eng |
| 041 ## - LANGUAGE CODE | |
| Language code of text/sound track or separate title | eng |
| 082 00 - DEWEY DECIMAL CLASSIFICATION NUMBER | |
| Classification number | 320.973 |
| Author mark and year | HYS 1963 |
| 100 1# - MAIN ENTRY--PERSONAL NAME | |
| Personal name | Hyneman, Charles S., |
| Dates associated with a name | 1900-1985. |
| 9 (RLIN) | 110503 |
| 245 14 - TITLE STATEMENT | |
| Title | The study of politics ; |
| Remainder of title | the present state of American political science / |
| 260 ## - PUBLICATION, DISTRIBUTION, ETC. (IMPRINT) | |
| Place of publication, distribution, etc. | Urbana, |
| Name of publisher, distributor, etc. | University of Illinois Press, |
| Date of publication, distribution, etc. | 1959 [Reprinted 1963] |
| 300 ## - PHYSICAL DESCRIPTION | |
| Pagination | 232 p. ; |
| Size | 24 cm. |
| 504 ## - BIBLIOGRAPHY, ETC. NOTE | |
| Bibliography, etc | Includes bibliography. |
| 650 #0 - SUBJECT ADDED ENTRY--TOPICAL TERM | |
| Topical term or geographic name as entry element | Political science |
| Geographic subdivision | United States |
| General subdivision | History. |
| 9 (RLIN) | 110504 |
| 942 ## - ADDED ENTRY ELEMENTS (KOHA) | |
| Source of classification or shelving scheme | Dewey Decimal Classification |
| Koha item type | Books |
| Lost status | Source of classification or shelving scheme | Damaged status | Not for loan | Collection code | Permanent Location | Current Location | Shelving location | Date acquired | Source of acquisition | Total Checkouts | Full call number | Date last seen | Copy number | Koha item type |
|---|---|---|---|---|---|---|---|---|---|---|---|---|---|---|
| Dewey Decimal Classification | Not For Loan | Non-fiction | Central Library, University of Rajshahi | Central Library, University of Rajshahi | Reading Room | 18/01/1975 | M OBIDUL HUQ | 320.973 HYS 1963 | 19/06/2014 | C-1 | Books |